| 000 -LEADER |
| fixed length control field |
00405nam a22001337a 4500 |
| 020 ## - INTERNATIONAL STANDARD BOOK NUMBER |
| International Standard Book Number |
9788190971973 |
| 082 ## - DEWEY DECIMAL CLASSIFICATION NUMBER |
| Classification number |
B3x54 Ay14 |
| 100 ## - MAIN ENTRY--PERSONAL NAME |
| Personal name |
Sridevi Ayaluri |
| 9 (RLIN) |
4043 |
| 110 ## - MAIN ENTRY--CORPORATE NAME |
| Corporate name or jurisdiction name as entry element |
K.S. Vijaya Sekhar |
| 9 (RLIN) |
4044 |
| 245 ## - TITLE STATEMENT |
| Title |
Digital India in action |
| Remainder of title |
selected e-Governance initiatives - 2015 |
| Statement of responsibility, etc |
Ayaluri, Sridevi |
| 260 ## - PUBLICATION, DISTRIBUTION, ETC. (IMPRINT) |
| Place of publication, distribution, etc |
Hyderabad |
| Name of publisher, distributor, etc |
Religiate interactive |
| Date of publication, distribution, etc |
2015 |
| 300 ## - PHYSICAL DESCRIPTION |
| Extent |
426p. |
| 650 ## - SUBJECT ADDED ENTRY--TOPICAL TERM |
| Topical term or geographic name as entry element |
e-Governance |
| 9 (RLIN) |
9501 |